000 00992nam a22002895i 4500
001 173750
003 ES-MaACL
005 20230906215332.0
008 100114s2009 sp |||| | spa d
020 _a978-84-9899-112-3
080 _a77"19"
245 0 0 _aArte y vanguardia /
_cMan Ray, Brassaï, Henri Cartier-Bresson, André Kertész, Philippe Halsman ; [redacción, Vicente Ponce, Joan Soriano].
260 _a[Madrid] :
_bPúblico,
_c2009.
300 _a[32] p. :
_bprincipalmente fot. ;
_c27 cm.
490 1 _aMaestros de la fotografía ;
_v13
650 4 _aFotografía-
_yS.XX.
_9155849
700 1 _aRay, Man.
_995617
700 0 _aBrassaï.
_931390
700 1 _aCartier-Bresson, Henri.
_935901
700 1 _aKertész, André.
_9141946
700 1 _aHalsman, Philippe.
_9141953
700 1 _aPonce, Vicente.
_9173428
700 1 _aSoriano, Joan.
_9173429
830 1 _aMaestros de la fotografía ;
_v13
_9189242
852 _aES-MaACL
_j2284-F-13
999 _c173750
_d173750